Tradefull merchants : the portrayal of the capitalist in literature /

Bibliographic Details
Main Author: McVeagh, John
Format: Book
Language:English
Published: London ; Boston : Routledge & Kegan Paul, 1981.
Subjects:

MARC

Tag First Indicator Second Indicator Subfields
LEADER 00000cam a2200000 a 4500
001 in00000092961
005 20150923173430.0
008 820313s1981 enk b 00110 eng
010 |a  81189764  
015 |a GB*** 
020 |a 0710007299 
035 |a (OCoLC)08348088 
035 |9 AAK7977AM 
039 0 |a 2  |b 3  |c 3  |d 3  |e 3 
040 |a DLC  |c DLC  |d TXA  |d UtOrBLW 
043 |a e-uk--- 
049 |a TXAM  |c [985759] 
050 0 0 |a PR151 C37  |b  M38 
082 0 |a 820/.9352338  |2 19 
100 1 |a McVeagh, John. 
245 1 0 |a Tradefull merchants :  |b the portrayal of the capitalist in literature /  |c John McVeagh. 
264 1 |a London ;  |a Boston :  |b Routledge & Kegan Paul,  |c 1981. 
300 |a xvi, 221 pages ;  |c 22 cm. 
336 |a text  |b txt  |2 rdacontent 
337 |a unmediated  |b n  |2 rdamedia 
338 |a volume  |b nc  |2 rdacarrier 
500 |a Includes index. 
504 |a Bibliography: pages 213-214. 
650 0 |a English literature  |x History and criticism. 
650 0 |a Capitalists and financiers in literature. 
650 0 |a Capitalism in literature. 
650 0 |a Businessmen in literature. 
650 0 |a Commerce in literature. 
999 |a MARS 
999 f f |s 811daa9d-9611-3f60-8484-ee8c7c0f223d  |i a23efeba-fc14-35f1-b4a6-7ab2893b1c4f  |t 0 
952 f f |p normal  |a Texas A&M University  |b College Station  |c Sterling C. Evans Library  |d Evans: Library Stacks  |t 0  |e PR151 C37 M38  |h Library of Congress classification  |i unmediated -- volume  |m A14806013846 
998 f f |a PR151 C37 M38  |t 0  |l Evans: Library Stacks